000 00797nam a2200217Ia 4500
999 _c39463
_d39463
001 6057
003 GE_BSU
005 20190920154125.0
008 181216s1975||||ge |||||||||||||| ||geo||
040 _cGE_BSU
041 _ageo
080 _a821.353.1-1 ა-80
100 _aარაბული, მინდია
_94199
245 _aთბილი ხელები /
_bმინდია არაბული ; რედ. ირ. არაბული.
264 _aთბილისი :
_bსაბჭოთა საქართველო ;
_c1975.
300 _a114 გვ. ;
_c17 სმ.
653 _aთბილი ხელები
653 _aლექსები
700 _aარაბული. ირ.
_eრედაქტორი
_94200
942 _cBK
_2udc